000 00227nam a2200121Ia 4500
100 _a#N/A
650 _aComputer/ IT
942 _cBK
654 _acorel
245 _aCorel Word Perfect
260 _b#N/A
546 _aENGLISH
999 _c26010
_d26010